[Event "Calvia ol (Men)"]
[Site "Mallorca"]
[Date "2004.10.25"]
[Round "10"]
[White "Felgaer, Ruben Alejandro"]
[Black "Cubas, Jose Fernando"]
[Result "1/2-1/2"]
[WhiteElo "2569"]
[BlackElo "2376"]
[PlyCount "33"]
[EventDate "2004.10.15"]
[EventType "team-swiss"]
[EventRounds "14"]
[EventCountry "ESP"]
[SourceTitle "CBM 104"]
[Source "ChessBase"]
[SourceDate "2005.01.27"]
[SourceVersion "1"]
[SourceVersionDate "2005.01.27"]
[SourceQuality "1"]
[WhiteTeam "Argentina"]
[BlackTeam "Paraguay"]
[WhiteTeamCountry "ARG"]
[BlackTeamCountry "PAR"]

1. e4 e6 2. d4 d5 3. Nc3 Nf6 4. Bg5 Bb4 5. e5 h6 6. Be3 Ne4 7. Qg4 g5 8. a3 h5
9. Qf3 Bxc3+ 10. bxc3 c5 11. Bd3 Nxc3 12. dxc5 d4 13. Bd2 Nc6 14. Qg3 Qd5 15.
f4 gxf4 16. Bxf4 Bd7 17. Nf3 1/2-1/2

[Event "Calvia ol (Men)"]
[Site "Mallorca"]
[Date "2004.10.26"]
[Round "11"]
[White "Cubas, Jose Fernando"]
[Black "Nedev, Trajce"]
[Result "0-1"]
[WhiteElo "2376"]
[BlackElo "2528"]
[Annotator "Roiz,M"]
[PlyCount "42"]
[EventDate "2004.10.15"]
[EventType "team-swiss"]
[EventRounds "14"]
[EventCountry "ESP"]
[SourceTitle "CBM 104"]
[Source "ChessBase"]
[SourceDate "2005.01.27"]
[SourceVersion "1"]
[SourceVersionDate "2005.01.27"]
[SourceQuality "1"]
[WhiteTeam "Paraguay"]
[BlackTeam "Macedonia"]
[WhiteTeamCountry "PAR"]
[BlackTeamCountry "MKD"]

1. e4 c5 2. Nf3 Nc6 3. Nc3 Nf6 4. Bb5 g6 {This variation doesn't have a good
reputation today.} ({The most common line nowdays is:} 4... Qc7 5. O-O Nd4 6.
Re1 a6) 5. e5 Ng4 6. Bxc6 dxc6 7. h3 {The most popular continuation. White
prefers to seize space on the kside and cut black's knight from the centre
immediately.} ({The alternative is} 7. d3 Bg7 (7... h5 $5) 8. Bf4 Nh6 9. Ne4 (
9. O-O Bg4 10. Ne4 Nf5 11. Re1 Bxf3 12. Qxf3 Nd4 13. Qd1 Ne6 14. Bg3 {1/2-1/2
Sherbakov,R-Ramesh,R/Mumbai 2003/CBM 93 ext (14)}) 9... Nf5 $5 10. c3 $1 {
[%csl Rc5,Rf5]} b6 11. Qd2 Ba6 $5 (11... h5 $5) 12. O-O-O Qd5 $5 13. g4 O-O-O {
-see comments to 1-0 Lastin,A-Smetankin,S/Rovno 2000/CBM 76/[Avrukh,B] (42)})
7... Nh6 8. g4 {The most ambitious attempt to get an opening advantage. White
prevents black from transfering his knight to d4, so black has to waste more
time for improving the placement of Nh6. However, this plan has a clear
drawback: black may exploit some weakness of white's kside by f7-f5 or f7-f6.}
({The other continuations doesn't promise much:} 8. Ne4 b6 9. Qe2 (9. d3 Bg7
10. Bf4 Nf5 11. Qd2 Nd4 $15 {0-1 Handke,F-Chandler,M/Germany 2002/CBM 89/
[Postny] (38)}) 9... Nf5 10. c3 Bg7 11. g4 Nh6 12. Nf6+ Kf8 13. Ne4 f5 14. exf6
exf6 15. d3 Nf7 16. Be3 f5 17. gxf5 Bxf5 $132 {0-1 Rytshagov,M-Spasov,V/
Yerevan 1996/EXT 97 (45)}) (8. O-O Bg7 9. d3 O-O 10. Bf4 Nf5 11. Qd2 Nd4 $132 {
Bjerring,K-Campos Moreno,J/Barbera op 1996/0-1 (45)}) 8... Bg7 ({White has got
a small but stable advantage after:} 8... f5 9. g5 Nf7 10. d3 Be6 11. Qe2 Bg7
12. h4 $1 Bd5 13. Nxd5 Qxd5 14. c4 $1 $14 {1/2-1/2 Khalifman,A-Lautier,J/Corus
Wijk aan Zee 2002 [Lautier]}) 9. d3 O-O {After the kside castle black's Nh6
becomes very vulnerable, but black prepares f7-f6, opening the ''f'' file for
his rook.} ({Another plan is connected with a qside castle:} 9... f5 10. g5 Nf7
11. Bf4 Be6 12. Qe2 Qc7 (12... Qa5 13. Bd2 Qc7 14. O-O-O O-O-O 15. Rhe1 h6 16.
gxh6 Bxh6 17. Bxh6 Rxh6 18. h4 $14 {1-0 Sanz Alonso,F-Frois,A/Oviedo 1991/EXT
97 (28)}) 13. Qe3 b6 14. O-O-O O-O-O 15. d4 c4 16. h4 Bd5 17. h5 $14 {1-0
Gasanov,E-Kamenets,A/Alushta 2001/EXT 2003 (34)}) 10. Qe2 (10. Be3 f5 11. exf6
exf6 12. Qd2 Nf7 13. Bxc5 (13. O-O-O b6 $11) 13... Re8+ 14. Be3 f5 15. gxf5
Bxf5 16. O-O-O Qd7 $44 {1-0 Ristic,N-Gavela,D/Budva 2003/CBM 94 ext (39)})
10... f6 (10... f5 11. g5 Nf7 12. Bf4 Be6 13. h4 $36) 11. Bf4 $2 {[%mdl 8192]
It's clear, that white wants to keep control on the e5 pawn, but this natural
move is a terrible tactical blunder and allows black to exploit the
vulnerability of Bf4 and Nf3.} ({The correct way was:} 11. Be3 $142 $1 fxe5 (
11... b6 12. O-O-O Nf7 13. d4 $36) 12. Ng5 $1 b6 13. O-O-O $44 {with a good
compensation for a pawn due to a strong central outpost on e4 and black's weak
pawns.}) 11... Nxg4 $1 $146 {[%mdl 8] That blow is very important for the
theory, as now white faces serious troubles!} (11... Nf7 12. O-O-O fxe5 13. Bg3
Be6 14. Nxe5 Bd5 15. Nxf7 Rxf7 16. Nxd5 cxd5 17. Be5 Bxe5 18. Qxe5 {1/2-1/2
Karpov,A-Chiburdanidze,M/Bilbao 1987/CBM 03 (18)}) 12. hxg4 ({Badly was also:} 
12. e6 Nh6 13. O-O-O Nf5 $17 {and black has an extra pawn, while white's Pe6
is also in danger. But white's main problem is a deficit of attack!}) 12...
fxe5 13. Bxe5 Bxg4 14. Rxh7 $6 {This move leads only to simplifications, which
are favourable for black.} ({Better was:} 14. Bxg7 Bxf3 15. Qe3 Bxh1 16. Bxf8
Qxf8 17. O-O-O Bd5 18. Qxc5 e6 19. Qe3 $15 {and white has some compensation
for a pawn due to weakness of Kg8, although black's chances are still
preferable.}) 14... Bxe5 15. Rh6 $2 {That is already desperation, as white's
pieces are too far away from black's monarch, so black can safely take the
material.} ({The only way to continue the fight was:} 15. Qxe5 Kxh7 16. Ng5+
Kg8 17. Qh2 (17. Qe4 Qd4 18. Qxg6+ Qg7 19. Qxg7+ Kxg7 $19) 17... Bh5 18. Ne6
Qd6 19. Qxd6 exd6 20. Nxf8 Kxf8 $17 {although black has an excellent winning
chances in this endgame}) 15... Bg7 16. Rxg6 Bxf3 17. Qe6+ Rf7 $19 {Now
black's king is totally safe, so the rest is just an agony.} 18. Rxg7+ (18. Kd2
Qd6 $19) 18... Kxg7 19. Kd2 Qd6 20. Rg1+ Kf8 21. Qh3 Qf4+ (21... Qf4+ 22. Ke1
Qc1+ 23. Nd1 Qxd1#) 0-1

[Event "Calvia ol (Men)"]
[Site "Mallorca"]
[Date "2004.10.26"]
[Round "11"]
[White "Cubas Pons, Juan Miguel"]
[Black "Shaw, John"]
[Result "0-1"]
[WhiteElo "2260"]
[BlackElo "2433"]
[PlyCount "92"]
[EventDate "2004.10.15"]
[EventType "team-swiss"]
[EventRounds "14"]
[EventCountry "ESP"]
[SourceTitle "CBM 104"]
[Source "ChessBase"]
[SourceDate "2005.01.27"]
[SourceVersion "1"]
[SourceVersionDate "2005.01.27"]
[SourceQuality "1"]
[WhiteTeam "Spain III"]
[BlackTeam "Scotland"]
[WhiteTeamCountry "ESP"]
[BlackTeamCountry "SCO"]

1. e4 c5 2. Nf3 Nc6 3. Bb5 g6 4. Bxc6 dxc6 5. d3 Bg7 6. h3 Nf6 7. Nc3 Nd7 8.
Be3 e5 9. Qd2 Qe7 10. Nh2 Nf8 11. O-O Ne6 12. Ne2 O-O 13. Rae1 Nd4 14. f4 exf4
15. Bxf4 Be6 16. Ng3 f6 17. c3 Nb5 18. Nf5 Bxf5 19. exf5 Qd7 20. Qe3 b6 21.
fxg6 hxg6 22. a4 g5 23. axb5 gxf4 24. Qxf4 cxb5 25. Ng4 Qxd3 26. Re7 Qg6 27.
Rf3 Rae8 28. Rxe8 Rxe8 29. Rg3 Kh8 30. Ne3 Qe4 31. Qc7 Bh6 32. Nf1 Qe7 33. Qc6
b4 34. Rf3 Qe6 35. Qa4 a5 36. cxb4 axb4 37. Qc2 Rg8 38. Qf2 Rg6 39. Ng3 c4 40.
Nf5 b3 41. Qh4 Kh7 42. Rf1 Qe2 43. Rf2 Qe1+ 44. Kh2 c3 45. Qh5 Qxf2 46. Nxh6
Qxg2# 0-1

[Event "Calvia ol (Men)"]
[Site "Mallorca"]
[Date "2004.10.27"]
[Round "12"]
[White "Cubas Pons, Juan Miguel"]
[Black "Valdes Romero, Leonardo"]
[Result "1-0"]
[WhiteElo "2260"]
[BlackElo "2372"]
[PlyCount "78"]
[EventDate "2004.10.15"]
[EventType "team-swiss"]
[EventRounds "14"]
[EventCountry "ESP"]
[SourceTitle "CBM 104"]
[Source "ChessBase"]
[SourceDate "2005.01.27"]
[SourceVersion "1"]
[SourceVersionDate "2005.01.27"]
[SourceQuality "1"]
[WhiteTeam "Spain III"]
[BlackTeam "Costa Rica"]
[WhiteTeamCountry "ESP"]
[BlackTeamCountry "CRI"]

1. e4 d6 2. d4 Nf6 3. Nc3 g6 4. Be3 c6 5. h3 Bg7 6. f4 Qa5 7. Bd3 Nbd7 8. Qf3
c5 9. Nge2 cxd4 10. Nxd4 a6 11. Nb3 Qc7 12. g4 b5 13. g5 Nh5 14. Nd5 Qb8 15.
Bd4 e6 16. Bxg7 Nxg7 17. Nf6+ Nxf6 18. gxf6 Nh5 19. e5 dxe5 20. Be4 Ra7 21.
Bc6+ Kf8 22. O-O-O Nxf6 23. Qc3 Kg7 24. fxe5 Nh5 25. Rhf1 Rc7 26. Na5 Qb6 27.
b4 Bb7 28. Nxb7 Qxb7 29. Rxf7+ Rxf7 30. Bxb7 Rxb7 31. Qc6 Re7 32. Rd7 Rhe8 33.
Qxe6 Kf8 34. Qd6 Kf7 35. e6+ Kf6 36. Rxe7 Rxe7 37. Qxa6 Rxe6 38. Qxb5 g5 39. a4
Nf4 1-0

[Event "Calvia ol (Men)"]
[Site "Mallorca"]
[Date "2004.10.27"]
[Round "12"]
[White "Cubas, Jose Fernando"]
[Black "Canda, Danilo"]
[Result "1-0"]
[WhiteElo "2376"]
[BlackElo "2335"]
[PlyCount "52"]
[EventDate "2004.10.15"]
[EventType "team-swiss"]
[EventRounds "14"]
[EventCountry "ESP"]
[SourceTitle "CBM 104"]
[Source "ChessBase"]
[SourceDate "2005.01.27"]
[SourceVersion "1"]
[SourceVersionDate "2005.01.27"]
[SourceQuality "1"]
[WhiteTeam "Paraguay"]
[BlackTeam "Nicaragua"]
[WhiteTeamCountry "PAR"]
[BlackTeamCountry "NCA"]

1. e4 c5 2. Nf3 d6 3. d4 cxd4 4. Nxd4 Nf6 5. Nc3 g6 6. Be2 Bg7 7. O-O O-O 8.
Nb3 Nc6 9. Be3 Be6 10. f4 a6 11. a4 Rc8 12. Kh1 Nb4 13. Nd4 Bc4 14. a5 e5 15.
Nf3 Bxe2 16. Qxe2 exf4 17. Bxf4 d5 18. e5 Re8 19. Qd2 Ne4 20. Nxe4 dxe4 21.
Qxb4 exf3 22. Rxf3 Qe7 23. Qb3 Rc5 24. Raf1 Rf8 25. Bd2 Rb5 26. Qa3 Bxe5 1-0

[Event "Calvia ol (Men)"]
[Site "Mallorca"]
[Date "2004.10.28"]
[Round "13"]
[White "Poulsen, Martin"]
[Black "Cubas, Jose Fernando"]
[Result "1/2-1/2"]
[WhiteElo "2292"]
[BlackElo "2376"]
[PlyCount "87"]
[EventDate "2004.10.15"]
[EventType "team-swiss"]
[EventRounds "14"]
[EventCountry "ESP"]
[SourceTitle "CBM 104"]
[Source "ChessBase"]
[SourceDate "2005.01.27"]
[SourceVersion "1"]
[SourceVersionDate "2005.01.27"]
[SourceQuality "1"]
[WhiteTeam "Faroe Islands"]
[BlackTeam "Paraguay"]
[WhiteTeamCountry "FAI"]
[BlackTeamCountry "PAR"]

1. d4 d5 2. c4 c6 3. Nc3 Nf6 4. cxd5 cxd5 5. Bf4 Nc6 6. e3 Bf5 7. Qb3 Na5 8.
Qa4+ Bd7 9. Bb5 Nc4 10. Nxd5 Nxd5 11. Bxd7+ Qxd7 12. Qxc4 Rc8 13. Qb3 e6 14. a3
Nxf4 15. exf4 Qxd4 16. Ne2 Qe4 17. Qb5+ Qc6 18. Qxc6+ Rxc6 19. Rc1 Rxc1+ 20.
Nxc1 Be7 21. Nd3 Bf6 22. Ke2 Kd7 23. Rd1 Rc8 24. Rd2 Ke8 25. g3 Rc4 26. Ke3 Bd8
27. Ne5 Bb6+ 28. Ke2 Rc7 29. Kd1 Bc5 30. Re2 f6 31. Nd3 Kf7 32. Re4 Bb6 33. Kd2
Rd7 34. Kc2 Rd4 35. Re2 h5 36. h3 Rd6 37. Ne1 Rc6+ 38. Kd1 h4 39. Nf3 hxg3 40.
fxg3 Rc8 41. Rd2 Ke7 42. Nh4 Be3 43. Rd3 Rc1+ 44. Ke2 1/2-1/2

[Event "Calvia ol (Men)"]
[Site "Mallorca"]
[Date "2004.10.29"]
[Round "14"]
[White "Cubas, Jose Fernando"]
[Black "Njobvu, Ignatius"]
[Result "1-0"]
[WhiteElo "2376"]
[BlackElo "2201"]
[PlyCount "79"]
[EventDate "2004.10.15"]
[EventType "team-swiss"]
[EventRounds "14"]
[EventCountry "ESP"]
[SourceTitle "CBM 104"]
[Source "ChessBase"]
[SourceDate "2005.01.27"]
[SourceVersion "1"]
[SourceVersionDate "2005.01.27"]
[SourceQuality "1"]
[WhiteTeam "Paraguay"]
[BlackTeam "Botswana"]
[WhiteTeamCountry "PAR"]
[BlackTeamCountry "BOT"]

1. e4 c6 2. d4 d5 3. Nc3 dxe4 4. Nxe4 Bf5 5. Ng3 Bg6 6. Nf3 Nd7 7. h4 h6 8. h5
Bh7 9. Bd3 Bxd3 10. Qxd3 Qc7 11. Bd2 e6 12. O-O-O Ngf6 13. Qe2 O-O-O 14. Ne5
Nb6 15. c4 Rxd4 16. Ba5 c5 17. Kb1 Rd6 18. f4 Rg8 19. Ne4 Nxe4 20. Qxe4 Rxd1+
21. Rxd1 Bd6 22. Nxf7 Bxf4 23. Nd6+ Bxd6 24. Qxe6+ Qd7 25. Qxg8+ Kc7 26. Bxb6+
axb6 27. Qd5 Qc6 28. Qf7+ Qd7 29. Rf1 Be5 30. Qxd7+ Kxd7 31. Rf7+ Kc6 32. Kc2
Bd4 33. b3 Bf6 34. Kd3 Bb2 35. Ke4 Bc3 36. Kf5 Bd4 37. Kg6 Bc3 38. g4 Bd4 39.
a4 Bc3 40. Rxg7 1-0

[Event "Pereyra Puebla Memorial 03rd"]
[Site "Mendoza"]
[Date "2004.12.11"]
[Round "1"]
[White "Mamani, Hector"]
[Black "Cubas, Jose Fernando"]
[Result "0-1"]
[WhiteElo "2177"]
[BlackElo "2376"]
[PlyCount "73"]
[EventDate "2004.12.11"]
[EventType "swiss"]
[EventRounds "9"]
[EventCountry "ARG"]
[SourceTitle "CBM 103 Extra"]
[Source "ChessBase"]
[SourceDate "2005.01.01"]
[SourceVersion "1"]
[SourceVersionDate "2005.01.01"]
[SourceQuality "1"]

1. e4 d5 2. exd5 Nf6 3. d4 Nxd5 4. Bc4 g6 5. Nf3 Bg7 6. O-O O-O 7. c3 b6 8. Bg5
Bb7 9. Re1 Re8 10. Qb3 h6 11. Bh4 g5 12. Bg3 e6 13. Nbd2 Nd7 14. Rad1 Nf8 15.
Bb5 Re7 16. Ne5 Bxe5 17. dxe5 a6 18. Bf1 Rd7 19. Ne4 Nh7 20. Bd3 Nf4 21. Bb1
Nd3 22. Bxd3 Rxd3 23. Rxd3 Qxd3 24. Nc5 Qd5 25. Nxb7 Qxb7 26. Rd1 Qe4 27. f3
Qe3+ 28. Bf2 Qxe5 29. Qc4 c5 30. Rd7 Nf6 31. Rb7 Rd8 32. g3 g4 33. fxg4 Rd1+
34. Kg2 Ne4 35. Be3 Ng5 36. Kf2 Rh1 37. Bxg5 0-1

[Event "Pereyra Puebla Memorial 03rd"]
[Site "Mendoza"]
[Date "2004.12.12"]
[Round "4"]
[White "Cubas, Jose Fernando"]
[Black "Van Riemsdijk, Herman Claudius"]
[Result "1-0"]
[WhiteElo "2376"]
[BlackElo "2423"]
[PlyCount "49"]
[EventDate "2004.12.11"]
[EventType "swiss"]
[EventRounds "9"]
[EventCountry "ARG"]
[SourceTitle "CBM 103 Extra"]
[Source "ChessBase"]
[SourceDate "2005.01.01"]
[SourceVersion "1"]
[SourceVersionDate "2005.01.01"]
[SourceQuality "1"]

1. e4 c5 2. Nf3 e6 3. d4 cxd4 4. Nxd4 Nf6 5. Nc3 Nc6 6. Ndb5 Bb4 7. a3 Bxc3+ 8.
Nxc3 d5 9. Bd3 d4 10. Ne2 e5 11. O-O Qb6 12. b4 Be6 13. Qe1 O-O 14. b5 Na5 15.
f4 Nxe4 16. fxe5 Nc5 17. Qg3 Nxd3 18. Bh6 g6 19. cxd3 Rfc8 20. Nf4 Nb3 21. Nh5
f5 22. Nf4 Bf7 23. Rae1 Nc5 24. e6 Be8 25. Nd5 1-0

[Event "Pereyra Puebla Memorial 03rd"]
[Site "Mendoza"]
[Date "2004.12.13"]
[Round "5"]
[White "Cubas, Jose Fernando"]
[Black "Garcia Palermo, Carlos H"]
[Result "0-1"]
[WhiteElo "2376"]
[BlackElo "2459"]
[PlyCount "86"]
[EventDate "2004.12.11"]
[EventType "swiss"]
[EventRounds "9"]
[EventCountry "ARG"]
[SourceTitle "CBM 103 Extra"]
[Source "ChessBase"]
[SourceDate "2005.01.01"]
[SourceVersion "1"]
[SourceVersionDate "2005.01.01"]
[SourceQuality "1"]

1. e4 b6 2. d4 Bb7 3. Bd3 e6 4. Nf3 g6 5. Bg5 Qc8 6. Qe2 Bg7 7. c3 h6 8. Bh4
Nf6 9. a4 Nh5 10. Qe3 g5 11. Bg3 Nxg3 12. hxg3 d6 13. Na3 Nd7 14. a5 a6 15.
axb6 cxb6 16. Nc4 Qc7 17. e5 dxe5 18. dxe5 Ke7 19. Be4 Qxc4 20. Bxb7 Ra7 21.
Be4 Nxe5 22. Nd4 Ng4 23. Nc6+ Qxc6 24. Bxc6 Nxe3 25. fxe3 h5 26. Bb5 a5 27. Rd1
Rc7 28. Kf2 g4 29. Rd2 Be5 30. Rhd1 Rh6 31. Rd8 Kf6 32. e4 Kg7 33. R1d3 Rc5 34.
Ba6 b5 35. b4 axb4 36. cxb4 Rc4 37. Bxb5 Rxb4 38. Bc6 Rf6+ 39. Ke2 Rb2+ 40. Rd2
Rb6 41. Rc8 Bxg3 42. Rdd8 Rf2+ 43. Kd3 Be5 0-1

[Event "Pereyra Puebla Memorial 03rd"]
[Site "Mendoza"]
[Date "2004.12.14"]
[Round "6"]
[White "Fravega, Adriano"]
[Black "Cubas, Jose Fernando"]
[Result "0-1"]
[WhiteElo "2158"]
[BlackElo "2376"]
[PlyCount "44"]
[EventDate "2004.12.11"]
[EventType "swiss"]
[EventRounds "9"]
[EventCountry "ARG"]
[SourceTitle "CBM 103 Extra"]
[Source "ChessBase"]
[SourceDate "2005.01.01"]
[SourceVersion "1"]
[SourceVersionDate "2005.01.01"]
[SourceQuality "1"]

1. d4 d5 2. Nf3 Nf6 3. c4 c6 4. Nc3 dxc4 5. a4 Bf5 6. e3 e6 7. Bxc4 Bb4 8. O-O
Nbd7 9. Qe2 Bg6 10. Ne5 Nxe5 11. dxe5 Nd7 12. f4 Qa5 13. Bd2 O-O-O 14. e4 Bh5
15. Qf2 g5 16. g3 gxf4 17. gxf4 Nc5 18. Be3 Bxc3 19. bxc3 Nxe4 20. Qb2 Nd2 21.
Bxd2 Qc5+ 22. Rf2 Rhg8+ 0-1

[Event "Pereyra Puebla Memorial 03rd"]
[Site "Mendoza"]
[Date "2004.12.15"]
[Round "7"]
[White "Cubas, Jose Fernando"]
[Black "Tristan, Leonardo"]
[Result "1-0"]
[WhiteElo "2376"]
[BlackElo "2190"]
[PlyCount "103"]
[EventDate "2004.12.11"]
[EventType "swiss"]
[EventRounds "9"]
[EventCountry "ARG"]
[SourceTitle "CBM 103 Extra"]
[Source "ChessBase"]
[SourceDate "2005.01.01"]
[SourceVersion "1"]
[SourceVersionDate "2005.01.01"]
[SourceQuality "1"]

1. e4 g6 2. d4 Bg7 3. Nc3 d6 4. Nf3 Nf6 5. h3 O-O 6. Be3 c6 7. Qd2 b5 8. Bd3
Nbd7 9. O-O e5 10. dxe5 dxe5 11. Bh6 Qc7 12. Qg5 Nh5 13. Bxg7 Kxg7 14. a4 b4
15. Ne2 h6 16. Qd2 a5 17. Rfd1 Nc5 18. g4 Nf6 19. Qe3 Qe7 20. Ng3 Nh7 21. Bf1
f6 22. Rd2 Ng5 23. Nh4 Kf7 24. Rad1 Nce6 25. Qb3 Ra7 26. Nhf5 gxf5 27. exf5 Kg8
28. Bg2 Kh8 29. fxe6 Bxe6 30. Qe3 Raa8 31. f4 exf4 32. Qxf4 Qc5+ 33. Kh2 f5 34.
h4 fxg4 35. Qd6 Qxd6 36. Rxd6 Rf2 37. Kg1 Rxg2+ 38. Kxg2 Nh3 39. Rd8+ Rxd8 40.
Rxd8+ Kg7 41. Ra8 Nf4+ 42. Kg1 Ng6 43. h5 Ne5 44. Rxa5 Nc4 45. Rc5 Bd5 46. a5
Nxb2 47. a6 Na4 48. Nf5+ Kf6 49. Ne3 Bf3 50. Nc4 Nc3 51. a7 g3 52. Ne3 1-0

[Event "Pereyra Puebla Memorial 03rd"]
[Site "Mendoza"]
[Date "2004.12.16"]
[Round "8"]
[White "Liascovich, Lucas Agustin"]
[Black "Cubas, Jose Fernando"]
[Result "0-1"]
[WhiteElo "2415"]
[BlackElo "2376"]
[PlyCount "74"]
[EventDate "2004.12.11"]
[EventType "swiss"]
[EventRounds "9"]
[EventCountry "ARG"]
[SourceTitle "CBM 103 Extra"]
[Source "ChessBase"]
[SourceDate "2005.01.01"]
[SourceVersion "1"]
[SourceVersionDate "2005.01.01"]
[SourceQuality "1"]

1. e4 e6 2. d3 d5 3. Nd2 c5 4. g3 Nc6 5. Bg2 g6 6. Ngf3 Bg7 7. O-O Nge7 8. exd5
exd5 9. d4 cxd4 10. Nb3 O-O 11. Nfxd4 Nf5 12. Nxf5 Bxf5 13. c3 d4 14. Bxc6 dxc3
15. bxc3 bxc6 16. Qxd8 Rfxd8 17. Be3 Bxc3 18. Rac1 Bb2 19. Rxc6 Rd3 20. Bc1 Bg7
21. Be3 a5 22. Nc1 Rd7 23. Re1 a4 24. f3 h5 25. Kf2 Bb2 26. Re2 a3 27. Nb3 Bb1
28. Bc1 Bxa2 29. Bxb2 axb2 30. Rxb2 Rb7 31. Rc3 Ra3 32. Rxa2 Rxa2+ 33. Kg1 Ra3
34. Rc8+ Kg7 35. Nd2 Ra2 36. Rd8 Rbb2 37. Nf1 Rb1 0-1

[Event "Pereyra Puebla Memorial 03rd"]
[Site "Mendoza"]
[Date "2004.12.17"]
[Round "9"]
[White "Cubas, Jose Fernando"]
[Black "Giardelli, Sergio Carlos"]
[Result "1/2-1/2"]
[WhiteElo "2376"]
[BlackElo "2432"]
[PlyCount "29"]
[EventDate "2004.12.11"]
[EventType "swiss"]
[EventRounds "9"]
[EventCountry "ARG"]
[SourceTitle "CBM 103 Extra"]
[Source "ChessBase"]
[SourceDate "2005.01.01"]
[SourceVersion "1"]
[SourceVersionDate "2005.01.01"]
[SourceQuality "1"]

1. e4 c5 2. Nf3 e6 3. d4 cxd4 4. Nxd4 a6 5. Bd3 Qb6 6. Nb3 d6 7. Nc3 Nf6 8. Be3
Qc7 9. f4 b5 10. a3 Bb7 11. O-O Be7 12. Qf3 O-O 13. Qh3 Nbd7 14. Rae1 Rfe8 15.
Kh1 1/2-1/2

[Event "Sao Jose do Rio Preto YM"]
[Site "Sao Jose do Rio Preto"]
[Date "2005.??.??"]
[Round "1"]
[White "Cubas, Jose Fernando"]
[Black "Bachmann, Axel"]
[Result "1/2-1/2"]
[WhiteElo "2401"]
[BlackElo "2314"]
[PlyCount "40"]
[EventDate "2005.??.??"]
[EventType "tourn"]
[EventRounds "9"]
[EventCountry "BRA"]
[SourceTitle "EXT 2007"]
[Source "ChessBase"]
[SourceDate "2006.11.23"]
[SourceVersion "1"]
[SourceVersionDate "2006.11.23"]
[SourceQuality "1"]

1. e4 d6 2. d4 Nf6 3. Nc3 g6 4. Nf3 Bg7 5. h3 c6 6. Be3 O-O 7. Qd2 Qc7 8. Bd3
e5 9. dxe5 dxe5 10. O-O Nbd7 11. Rad1 Rd8 12. Bh6 Nc5 13. Bxg7 Kxg7 14. Qg5 Re8
15. Nh4 h6 16. Qe3 Ne6 17. Ne2 Qb6 18. Qc1 Nh5 19. Kh2 Nef4 20. Nxf4 Nxf4
1/2-1/2

[Event "Sao Jose do Rio Preto YM"]
[Site "Sao Jose do Rio Preto"]
[Date "2005.??.??"]
[Round "2"]
[White "Fier, Alexandr"]
[Black "Cubas, Jose Fernando"]
[Result "1-0"]
[WhiteElo "2489"]
[BlackElo "2401"]
[PlyCount "75"]
[EventDate "2005.??.??"]
[EventType "tourn"]
[EventRounds "9"]
[EventCountry "BRA"]
[SourceTitle "EXT 2007"]
[Source "ChessBase"]
[SourceDate "2006.11.23"]
[SourceVersion "1"]
[SourceVersionDate "2006.11.23"]
[SourceQuality "1"]

1. e4 e6 2. d4 d5 3. Nc3 Nf6 4. e5 Nfd7 5. f4 c5 6. Nf3 Nc6 7. Be3 a6 8. Qd2 b5
9. dxc5 Bxc5 10. Bxc5 Nxc5 11. Qf2 Qb6 12. Bd3 b4 13. Ne2 a5 14. O-O Ba6 15.
Kh1 Ne7 16. Rac1 Rb8 17. Bxa6 Nxa6 18. Ned4 Nc5 19. Qg3 O-O 20. Qg4 Ne4 21.
Rcd1 Nf5 22. Nxf5 exf5 23. Qxf5 Nf2+ 24. Rxf2 Qxf2 25. h3 Rbc8 26. Rd2 Qe3 27.
Rxd5 Qc1+ 28. Kh2 Qxc2 29. Qg4 Rc5 30. Nd4 Qc4 31. Nf5 g6 32. Ne7+ Kg7 33. Qg5
Rc6 34. Nf5+ Kg8 35. Rd8 f6 36. Nh6+ Kg7 37. exf6+ Rcxf6 38. Rxf8 1-0

[Event "Sao Jose do Rio Preto YM"]
[Site "Sao Jose do Rio Preto"]
[Date "2005.??.??"]
[Round "3"]
[White "Cubas, Jose Fernando"]
[Black "Coelho, Luis Henrique"]
[Result "0-1"]
[WhiteElo "2401"]
[BlackElo "2381"]
[PlyCount "82"]
[EventDate "2005.??.??"]
[EventType "tourn"]
[EventRounds "9"]
[EventCountry "BRA"]
[SourceTitle "EXT 2007"]
[Source "ChessBase"]
[SourceDate "2006.11.23"]
[SourceVersion "1"]
[SourceVersionDate "2006.11.23"]
[SourceQuality "1"]

1. e4 c5 2. Nf3 d6 3. d4 cxd4 4. Nxd4 Nf6 5. Nc3 a6 6. f4 Qc7 7. a4 g6 8. Bd3
Bg7 9. Nf3 Nbd7 10. O-O O-O 11. Qe1 Nc5 12. Qh4 e6 13. Bd2 Bd7 14. b4 Nxd3 15.
cxd3 Ne8 16. Rac1 Qd8 17. Qf2 f5 18. e5 Rc8 19. Be3 Bc6 20. Ng5 Qe7 21. b5 h6
22. Nh3 Bd7 23. d4 axb5 24. axb5 Nc7 25. Qb2 dxe5 26. dxe5 Nd5 27. Nxd5 exd5
28. Nf2 Rc4 29. Rxc4 dxc4 30. Rc1 Be6 31. Nd1 Rd8 32. Bb6 Rd3 33. Nc3 Bf8 34.
Rd1 Qb4 35. Qxb4 Bxb4 36. Bd4 Rxd4 37. Rxd4 Bxc3 38. Rd6 Kf7 39. Kf1 Bb2 40.
Ke2 c3 41. Kd3 Bb3 0-1